书目信息 |
| 题名: |
工程造价管理
|
|
| 作者: | 崔武文 主编 | |
| 分册: | ||
| 出版信息: | 北京 中国建材工业出版社 2010.03 |
|
| 页数: | 377页 | |
| 开本: | 26cm | |
| 丛书名: | ||
| 单 册: | ||
| 中图分类: | TU723.3 | |
| 科图分类: | ||
| 主题词: | 建筑工程--jian zhu gong cheng--工程造价--管理 | |
| 电子资源: | ||
| ISBN: | 978-7-80227-738-0 | |
| 000 | 01039nam0 2200253 450 | |
| 001 | 012010460359 | |
| 005 | 20100604134731.59 | |
| 010 | @a978-7-80227-738-0@dCNY38.00 | |
| 100 | @a20100601d2010 em y0chiy0120 ea | |
| 101 | 0 | @achi |
| 102 | @aCN@b110000 | |
| 105 | @aak a 000yy | |
| 106 | @ar | |
| 200 | 1 | @a工程造价管理@Agong cheng zao jia guan li@f崔武文主编@Fzhu bian cui wu wen |
| 210 | @a北京@c中国建材工业出版社@d2010.03 | |
| 215 | @a377页@c图@d26cm | |
| 320 | @a有书目 (第376-377页) | |
| 330 | @a本书共分10章,主要内容包括:工程造价管理概论、工程造价构成、工程造价管理相关知识、工程造价确定的方法与依据、项目投资决策阶段工程造价管理、项目设计阶段工程造价管理、项目招投标与合同价款的确定、项目施工阶段工程造价管理、竣工阶段造价管理、工程造价文件的编制实例等。 | |
| 333 | @a高等院校土木工程、工程管理等相关专业师生及相关读者。 | |
| 606 | 0 | @a建筑工程@Ajian zhu gong cheng@x工程造价@x管理 |
| 690 | @aTU723.3@v4 | |
| 701 | 0 | @a崔武文@Acui wu wen@4主编 |
| 801 | 0 | @aCN@bQSSK@c20100604 |
| 905 | @b780650-54@dTU723.3@eC977@f5 | |
| 工程造价管理/崔武文主编.-北京:中国建材工业出版社,2010.03 |
| 377页:图;26cm |
| 使用对象:高等院校土木工程、工程管理等相关专业师生及相关读者。 |
| ISBN 978-7-80227-738-0:CNY38.00 |
| 本书共分10章,主要内容包括:工程造价管理概论、工程造价构成、工程造价管理相关知识、工程造价确定的方法与依据、项目投资决策阶段工程造价管理、项目设计阶段工程造价管理、项目招投标与合同价款的确定、项目施工阶段工程造价管理、竣工阶段造价管理、工程造价文件的编制实例等。 |
| ● |
| 相关链接 |
|
|
|
正题名:工程造价管理
索取号:TU723.3/C977
 
预约/预借
| 序号 | 登录号 | 条形码 | 馆藏地/架位号 | 状态 | 备注 |
| 1 | 780650 | 207806506 | 建筑库201/201建筑库 33排4列3层/ [索取号:TU723.3/C977] | 在馆 | |
| 2 | 780651 | 207806515 | 建筑库201/ [索取号:TU723.3/C977] | 在馆 | |
| 3 | 780652 | 207806524 | 管理学院资料室/101建筑库 60排6列2层/ [索取号:TU723.3/C977] | 在馆 | |
| 4 | 780653 | 207806533 | 管理学院资料室/101建筑库 60排6列2层/ [索取号:TU723.3/C977] | 在馆 | |
| 5 | 780654 | 207806542 | 管理学院资料室/101建筑库 60排6列2层/ [索取号:TU723.3/C977] | 在馆 |